| 000 | 02291nam a2200361 i 4500 | ||
|---|---|---|---|
| 001 | CR9780511529559 | ||
| 003 | UkCbUP | ||
| 005 | 20250131171214.0 | ||
| 006 | m|||||o||d|||||||| | ||
| 007 | cr|||||||||||| | ||
| 008 | 090409s1998||||enk o ||1 0|eng|d | ||
| 020 | _a9780511529559 (ebook) | ||
| 020 | _z9780521563789 (hardback) | ||
| 020 | _z9780521017671 (paperback) | ||
| 040 |
_aKO _beng |
||
| 041 | 0 | _aeng | |
| 082 | 0 | 0 |
_a551.47/02 _221 |
| 100 | 1 |
_aOchi, Michel K., _eauthor. |
|
| 245 | 1 | 0 |
_aOcean waves : _bthe stochastic approach / _cMichel K. Ochi. |
| 264 | 1 |
_aCambridge : _bCambridge University Press, _c1998. |
|
| 300 |
_a1 online resource (xii, 319 pages) : _bdigital, PDF file(s). |
||
| 338 | _aonline resource | ||
| 490 | 1 |
_aCambridge ocean technology series ; _v6 |
|
| 500 | _aTitle from publisher's bibliographic system (viewed on 05 Oct 2015). | ||
| 520 | _aThis book describes the stochastic method for ocean wave analysis. This method provides a route to predicting the characteristics of random ocean waves - information vital for the design and safe operation of ships and ocean structures. Assuming a basic knowledge of probability theory, the book begins with a chapter describing the essential elements of wind-generated random seas from the stochastic point of view. The following three chapters introduce spectral analysis techniques, probabilistic predictions of wave amplitudes, wave height and periodicity. A further four chapters discuss sea severity, extreme sea state, the directional wave energy spreading in random seas and special wave events such as wave breaking and group phenomena. Finally the stochastic properties of non-Gaussian waves are presented. Useful appendices and an extensive reference list are included. Examples of practical applications of the theories presented can be found throughout the text. This book will be suitable as a text for graduate students of naval, ocean and coastal engineering. It will also serve as a useful reference for research scientists and engineers working in this field. | ||
| 650 | 0 | _aOcean waves. | |
| 830 | 0 |
_aCambridge ocean technology series ; _v6. |
|
| 856 | 4 | 0 | _uhttps://doi.org/10.1017/CBO9780511529559 |
| 904 | _aRUDRA_R | ||
| 905 | _aR_RANJAN | ||
| 942 |
_2ddc _cEB |
||
| 999 |
_c3310 _d3310 |
||